000 00495cam a2200181ua 4500
001 10682
008 190326n ii |||gr||||Z||||||eng
020 _a9788121910361
040 _cMAIN
082 _a301
100 _aC N Shankar Rao,
_eAuthor.
245 _aMAIN
_bprinciples of sociology with an introduction to sociological thought
250 _a1st rep.
260 _aNew Delhi:
_bS chand & company pvt ltd,
_c2016.
300 _a924p.
653 _aSociology & anthropology
942 _cBK
999 _c9653
_d9653